South Korea - True or False - Statistics

General Stats
  • This quiz has been taken 133 times
  • The average score is 9 of 15
Answer Stats
Question Answer % Correct
Using red ink in South Korea is extremely disrespectful. True
78%
South Korea is home to Jeju Island. True
78%
Beards are very popular in South Korea. False
74%
When South Koreans are born, they are already considered one years old. True
74%
It’s common to ask about blood types in South Korea. True
74%
Instead of "Cheese!" they say "Kimchi" to get everyone to smile for a photo. True
70%
Plastic Surgery is very rare in South Korea. False
65%
Cherry Blossoms are native to South Korea. False
61%
Leaving your plate at the table in South Korea isn't rude. False
61%
Taekwondo is 100% South Korean. True
61%
Valentines Day is a holiday where women buy men gifts, instead of the men buying the women gifts. True
57%
It is considered rude to eat dogs in South Korea. False
39%
The number 18 is considered unlucky in South Korea. False
39%
South Koreans brush their teeth after lunch. False
22%
South Korea has a population 10 times more than Hawaii. False
4%
No matching quizzes found
Score Distribution
Percent of People with Each Score
Percentile by Number Answered
Your Score History
You have not taken this quiz